هذا هو علم البيولوجيا : (رقم التسجيلة. 26867)

تفاصيل مارك
000 -LEADER
fixed length control field 00600nam a22001817a 4500
005 - DATE AND TIME OF LATEST TRANSACTION
control field 20251108165408.0
008 - FIXED-LENGTH DATA ELEMENTS--GENERAL INFORMATION
fixed length control field 250721s2002 xx 000 0 ara d
082 14 - DEWEY DECIMAL CLASSIFICATION NUMBER
Classification number 574/ماي
100 1# - MAIN ENTRY--PERSONAL NAME
Personal name ماير، إرنست
245 10 - TITLE STATEMENT
Title هذا هو علم البيولوجيا :
Remainder of title دراسة في ماهية الحياة و الأحياء /
264 1# - PRODUCTION, PUBLICATION, DISTRIBUTION, MANUFACTURE, AND COPYRIGHT NOTICE
Place of production, publication, distribution, manufacture الكويت :
Name of producer, publisher, distributor, manufacturer عالم المعرفة،
Date of production, publication, distribution, manufacture, or copyright notice 2002.
300 ## - PHYSICAL DESCRIPTION
Extent 301ص.
650 17 - SUBJECT ADDED ENTRY--TOPICAL TERM
Topical term or geographic name as entry element علم الأحياء
650 17 - SUBJECT ADDED ENTRY--TOPICAL TERM
Topical term or geographic name as entry element الأنظمة البيولوجية
700 1# - ADDED ENTRY--PERSONAL NAME
Personal name عفيفي، محمود
Relator term ترجمة
942 ## - ADDED ENTRY ELEMENTS (KOHA)
Source of classification or shelving scheme Dewey Decimal Classification
Koha item type كتب
المقتنيات
حالة السحب حالة الفقدان مصدر التصنيف حالة التلف غير قابل للإعارة المكتبة الرئيسية المكتبة الحالية موقع الرف تاريخ التزويد الرقم المتسلسل Total Checkouts رقم الإستدعاء الباركود تاريخ آخر ظهور تاريخ الفاتورة نوع المادة (كوها)
    Dewey Decimal Classification     المكتبة المركزية المكتبة المركزية الإعارة 06/07/2004 509014   574/ماي 509014 28/07/2025 06/07/2004 كتب
    Dewey Decimal Classification     المكتبة المركزية المكتبة المركزية الإعارة 06/07/2004 521297   574/ماي 521297 28/07/2025 06/07/2004 كتب
    Dewey Decimal Classification     المكتبة المركزية المكتبة المركزية الإعارة 23/08/2010 521299   574/ماي PLD00159926 28/07/2025 23/08/2010 كتب
    Dewey Decimal Classification     مكتبة صويلح العامة مكتبة صويلح العامة الإعارة 06/07/2004 545873   574/ماي 545873 28/07/2025 06/07/2004 كتب
    Dewey Decimal Classification   Not For Loan مكتبة منتدى الرواد مكتبة منتدى الرواد لا يعار 30/01/2012 1508027   574/ماي PLD00238297 28/07/2025 30/01/2012 كتب
Implemented & Customized by: BBB with SCIT (Smart Chains for Information Technology)

Powered by Koha